Spravočnik po fiziko-techničeskim osnovam kriogeniki /

Další autoři: Malkov, Michail Petrovič, 1909-asi 1991
Jazyk: Ruština
Vydáno: Moskva : Energoatomizdat, 1985
Vydání: Izd. 3-je, pererab. i dopol.
Témata:
Fyzický popis: 431 s. : il., ; 25 cm + 3 l. příl.
Knihy
Uloženo v:
LEADER 01089nam a22003012a 4500
001 001769315
003 CZ BrMZK
005 20220927140315.0
007 ta
008 200917s1985 ru er|||||||||||rus d
040 |a ABA001  |b cze  |d ABD010  |d BOA001 
072 7 |a 536  |x Teplo. Termodynamika  |2 Konspekt  |9 6 
080 |a 536.483  |2 MRF 
245 0 0 |a Spravočnik po fiziko-techničeskim osnovam kriogeniki /  |c pod red. M.P. Malkova 
250 |a Izd. 3-je, pererab. i dopol. 
260 |a Moskva :  |b Energoatomizdat,  |c 1985 
300 |a 431 s. :  |b il., ;  |c 25 cm +  |e 3 l. příl. 
504 |a Obsahuje bibliografii 
650 0 7 |a kryogenika  |7 ph351705  |2 czenas 
650 0 7 |a měřicí přístroje  |7 ph115404  |2 czenas 
650 0 7 |a měřicí technika  |7 ph123124  |2 czenas 
650 0 7 |a termika  |7 ph117273  |2 czenas 
655 7 |a monografie  |7 fd132842  |2 czenas 
700 1 |a Malkov, Michail Petrovič,  |d 1909-asi 1991  |7 mzk20221163700  |4 edt 
910 |a BOA001  |b 3-0700.943-85 
990 |a BK 
991 |b 202009 
996 7 |b 2618897662  |c 3-0700.943-85  |l MZK  |r Sklad / do 1 hodiny  |n 0  |w 001827032  |u 000010  |a 1  |e BOA001  |j MZK50  |s A